000
00309nam a2200133Ia 4500
005
20251222155123.0
008
251222s9999||||xx |||||||||||||| ||spa||
082
_a
ENC.24.1-3
100
_a
Jacques Pirenne,
245
0
_a
Historia del antigua egipto
250
_a
1ra. ed.
264
_b
Oceano
942
_c
LIB
999
_c
38515
_d
38515